| 000 | 00969 a2200277 4500 | ||
|---|---|---|---|
| 003 | Nust | ||
| 005 | 20170207154028.0 | ||
| 010 | _a 2002156141 | ||
| 020 | _a0471328480 (Cloth : acid-free) | ||
| 040 | _cNust | ||
| 082 | 0 | 0 | _a658.15/5 |
| 100 | 1 | _aTurner, Paul S. | |
| 245 | 1 | 0 |
_aManaging the risks of payment systems-(E-BOOK) _cPaul S. Turner, Diane B. Wunnicke. |
| 246 | 3 | 0 | _aPayment systems |
| 260 |
_aHoboken, N.J. : _bWiley, _cc2003. |
||
| 300 |
_axiv, 234 p. : _c24 cm. |
||
| 650 | 0 |
_aCorporations _xFinance. |
|
| 650 | 0 | _aElectronic funds transfers. | |
| 650 | 0 | _aPayment. | |
| 650 | 0 | _aRisk management. | |
| 651 | _aE-BOOK | ||
| 700 | 1 | _aWunnicke, Diane B. | |
| 856 | 4 | 2 |
_3Contributor biographical information _uhttp://www.loc.gov/catdir/bios/wiley041/2002156141.html |
| 856 | 4 | 2 |
_3Publisher description _uhttp://www.loc.gov/catdir/description/wiley031/2002156141.html |
| 856 | 4 | 2 |
_3Table of contents _uhttp://www.loc.gov/catdir/toc/wiley031/2002156141.html |
| 942 |
_2ddc _cBK |
||
| 999 |
_c191994 _d191994 |
||